ბათუმის შოთა რუსთაველის სახელმწიფო უნივერსიტეტის ბიბლიოთეკა

სტაბილურობა და ვარირება რომანულ თანხმოვანთჯგუფებში : დიაქრონიული კვლევა (ბიბ.ჩანაწერი № 51203)

000 -LEADER
fixed length control field 01113nam a2200253Ia 4500
001 - CONTROL NUMBER
control field 18162
003 - CONTROL NUMBER IDENTIFIER
control field GE_BSU
008 - FIXED-LENGTH DATA ELEMENTS--GENERAL INFORMATION
fixed length control field 181216s||||||||xx |||||||||||||| ||und||
020 ## - INTERNATIONAL STANDARD BOOK NUMBER
International Standard Book Number 99928730214
040 ## - CATALOGING SOURCE
Transcribing agency GE_BSU
100 ## - MAIN ENTRY--PERSONAL NAME
Personal name გვენცაძე-ახვლედიანი , ციური.
245 ## - TITLE STATEMENT
Title სტაბილურობა და ვარირება რომანულ თანხმოვანთჯგუფებში : დიაქრონიული კვლევა
245 ## - TITLE STATEMENT
Statement of responsibility, etc. რედ. ჟღენტი ,ირინა
260 ## - PUBLICATION, DISTRIBUTION, ETC.
Place of publication, distribution, etc. თბილისი
260 ## - PUBLICATION, DISTRIBUTION, ETC.
Name of publisher, distributor, etc. მედეა
260 ## - PUBLICATION, DISTRIBUTION, ETC.
Date of publication, distribution, etc. 2009
300 ## - PHYSICAL DESCRIPTION
Extent 255გვ.21სმ.
300 ## - PHYSICAL DESCRIPTION
Accompanying material ბიბლ.გვ.252-253
520 ## - SUMMARY, ETC.
Summary, etc. ეძღვნება მშობლების ხსოვნას:
653 ## - INDEX TERM--UNCONTROLLED
Uncontrolled term რომანული ენების ფონეტიკა.
653 ## - INDEX TERM--UNCONTROLLED
Uncontrolled term სტაბილურობა და ვარირება რომანულ თანხმოვანთჯგუფებში
942 ## - ADDED ENTRY ELEMENTS (KOHA)
Koha item type წიგნი
ეგზემპლარები
Withdrawn status Lost status Damaged status Not for loan Date acquired Barcode Date last seen Price effective from Koha item type
        2018-12-17 46333 2018-12-17 2018-12-17 წიგნი